1188 1705 1054 1408 1130 1109 1911 1440 1186 1178 1238 1242 1487 1137 1068 1783 1503 1303 1374 1785 1250 1984 1910 1624 1028 1730 1731 1453 1647 1733 1838 1973 1003 1898 1988 1883 1576 1397 1290 1582 1825 1586 1284 1773 1628 1646 1021 1806 1894 1403 1385 1118 1152 1446 1537 1761 1339 1917 1384 1554 1195 1477 1817 1241 1986 1591 1932 1331 1225 1526 1805 1125 1633 1768 1731 1029 1520 1142 1789 1047 1028 1143 1348 1043 1251 1337 1858 1199 1504 1508 1288 1160 1044 1144 1687 1606 1831 1675 1224 BCNSPRNW ULIB Ver.6.0+V

เปลี่ยนเป็นภาษาไทย

Change to English
 แสดงรายละเอียดบรรณานุกรม
  กลับหน้าหลัก

Brief Record : Get Marc (ISO 2709) : E-mail record : QR code < ปิดหน้าต่าง
LEADER : 00000nam 2200000uu 4500
001    13399120128
003     ULIB
008    120904s2550||||th 000 0 tha d
020    ^a9789749770702 (ล.1)
060  4 ^aWY150^bซ166ก ล.1
100 0  ^aชมนาด วรรณพรสิริ
245 00 ^aการพยาบาลผู้ใหญ่ เล่ม1/^cบรรณาธิการ:ชมนาด วรรณพรสิริ,วราภรณ์ สัตยวงศ์
250    ^aพิมพ์ครั้งที่ 2
260    ^aนนทบุรี:^bโครงการสวัสดิการ สถาบันพระบรมราชชนก,^c2551
300    ^a345 หน้า:^bภาพประกอบ
650  7 ^aการพยาบาลโรคเฉพาะทาง
650  7 ^aการพยาบาลผู้ใหญ่
945    ^p0^l0^i24823
945    ^p0^l0^i15996
945    ^p0^l0^i15997
995    ^aกัณชพร
999 ^a ใช้งานได้ทุกระบบ
รายการนี้ยังไม่มีแท็ก
คุณยังไม่ได้ล็อกอิน คุณสามารถมีกิจกรรมร่วมกับเว็บไซต์ได้ แต่ต้องล็อกอินก่อน ::
  ล็อกอิน

รายการสื่อสารสนเทศ

ลำดับที่ ประเภท เลขเรียก/บาร์โค้ด สถานที่ สถานะ
1. วิทยาศาสตร์การแพทย์ และสุขภาพ
วิทยาศาสตร์การแพทย์ และสุขภาพ
WY150 ซ166ก ล.1  
  Barcode: 24823
ห้องสมุดวิทยาเขตสวรรค์ประชารักษ์
►ส่วนจัดเก็บหนังสือเก่า สปร
บนชั้น
  ขอยืม
2. วิทยาศาสตร์การแพทย์ และสุขภาพ
วิทยาศาสตร์การแพทย์ และสุขภาพ
WY150 ซ166ก ล.1 ฉ.2 
  Barcode: 15996
ห้องสมุดวิทยาเขตสวรรค์ประชารักษ์
►ส่วนจัดเก็บหนังสือเก่า สปร
บนชั้น
  ขอยืม
3. วิทยาศาสตร์การแพทย์ และสุขภาพ
วิทยาศาสตร์การแพทย์ และสุขภาพ
WY150 ซ166ก ล.1 ฉ.3 
  Barcode: 15997
ห้องสมุดวิทยาเขตสวรรค์ประชารักษ์
►ส่วนจัดเก็บหนังสือเก่า สปร
บนชั้น
  ขอยืม

รายการใกล้เคียง
    ผู้แต่ง [ชมนาด วรรณพรสิริ]

    หัวเรื่อง [การพยาบาลโรคเฉพาะทาง]
    หัวเรื่อง [การพยาบาลผู้ใหญ่]

BibComment


ยังไม่เคยถูกคอมเมนท์

คอมเมนท์ทรัพยากรรายการนี้
  คอมเมนท์: การพยาบาลผู้ใหญ่..


 Copyright 2026. Bcnsprnw @Library